LEADER 01164nam0-2200313---450- 001 990008422600403321 005 20130508094954.0 035 $a000842260 035 $aFED01000842260 035 $a(Aleph)000842260FED01 035 $a000842260 100 $a20061120d2006----km-y0itay50------ba 101 0 $aita 102 $aIT 105 $af---a---001yy 200 1 $a<>eccezionale quotidiano$erapporto sulla condizione dell'infanzia e dell'adolescenza in Italia$fMinistero del Lavoro e delle Politiche Sociali, Osservatorio nazionale per l'infanzia, Centro nazionale di documentazione e analisi per l'infanzia e l'adolescenza 210 $aFirenze$cIstituto degli Innocenti$d2006 215 $aXI, 843 p.$d24 cm 610 0 $aInfanzia$aItalia 676 $a305.230 945 710 02$aOsservatorio nazionale per l'infanzia e l'adolescenza$0430483 712 02$aCentro nazionale di documentazione e analisi per l'infanzia e l'adolescenza 801 0$aIT$bUNINA$gRICA$2UNIMARC 901 $aBK 912 $a990008422600403321 952 $a305.23 ECC 1$bBibl. 54705$fFLFBC 959 $aFLFBC 996 $aEccezionale quotidiano$9727152 997 $aUNINA LEADER 01674nam 2200397Ia 450 001 996388982103316 005 20210104172002.0 035 $a(CKB)4940000000096795 035 $a(EEBO)2240864515 035 $a(OCoLC)ocn879380217e 035 $a(OCoLC)879380217 035 $a(EXLCZ)994940000000096795 100 $a20140508d1531 uy 0 101 0 $alat 135 $aurbn||||a|bb| 200 10$aAbsolutissimus de octo orationis partium constructione libellus, emendatus per Erasmum Roterodamu[m]$b[electronic resource] $eItem Gerardi Listrij de constructionis octo figuris: cui adhaeret (ne quis desideret) sulpitius 210 $a[London] $cVVynandus de VVorde Londini excudebat.$danno MDXXXI. [1531] 215 $a[62] p 300 $aAn edition of Lily, William. Libellus de constructione octo partium orationis. 300 $aColophon reads: VVyn[an]dus de VVorde excudebat. Anno. 1531. Mense Febru. 300 $aTitle within ornamental border (McK. & Ferg. 28), tailpieces, initials. 300 $aSignatures: A-D? (-D8). 300 $aReproduction of original in: John Rylands University Library of Manchester. 330 $aeebo-0116 606 $aLatin language$xGrammar$vEarly works to 1800 615 0$aLatin language$xGrammar 700 $aLily$b William$f1468?-1522.$0841046 701 $aListrius$b Gerardus$01001714 702 $aErasmus$b Desiderius$f-1536, 702 $aWorde$b Wynkyn de$f-1534?, 801 0$bUMI 801 1$bUMI 906 $aBOOK 912 $a996388982103316 996 $aAbsolutissimus de octo orationis partium constructione libellus, emendatus per Erasmum Roterodamu$92299068 997 $aUNISA LEADER 01198nam 2200397 a 450 001 9910793051103321 005 20200520144314.0 010 $a1-61091-099-0 035 $a(CKB)3710000001409205 035 $a(MiAaPQ)EBC3317313 035 $a(Au-PeEL)EBL3317313 035 $a(CaPaEBR)ebr10014782 035 $a(OCoLC)923185927 035 $a(EXLCZ)993710000001409205 100 $a19970506d1997 uy 0 101 0 $aeng 135 $aurcn||||||||| 181 $ctxt$2rdacontent 182 $cc$2rdamedia 183 $acr$2rdacarrier 200 00$aPlacing nature$b[electronic resource] $eculture and landscape ecology /$fedited by Joan Iverson Nassauer 210 $aWashington, D.C. $cIsland Press$dc1997 215 $a1 online resource (xii, 179 pages) $cillustrations, maps 311 $a1-55963-559-2 320 $aIncludes bibliographical references and index. 606 $aLandscape ecology 615 0$aLandscape ecology. 676 $a577.5/5 701 $aNassauer$b Joan Iverson$01472428 801 0$bMiAaPQ 801 1$bMiAaPQ 801 2$bMiAaPQ 906 $aBOOK 912 $a9910793051103321 996 $aPlacing nature$93685232 997 $aUNINA